গোলাম রহমান রচনাবলী / (Record no. 40346)
[ view plain ]
| 000 -LEADER | |
|---|---|
| fixed length control field | 01149nam a2200253 a 4500 |
| 001 - CONTROL NUMBER | |
| control field | 40346 |
| 003 - CONTROL NUMBER IDENTIFIER | |
| rucl marc code | BD-RjUL |
| 005 - DATE AND TIME OF LATEST TRANSACTION | |
| control field | 20211209053209.0 |
| 008 - FIXED-LENGTH DATA ELEMENTS--GENERAL INFORMATION | |
| fixed length control field | 160428s1978 bg ||||| |||| 00| 0 ben d |
| 020 ## - INTERNATIONAL STANDARD BOOK NUMBER | |
| Terms of availability | : TK 38.00 |
| 035 ## - SYSTEM CONTROL NUMBER | |
| System control number | (BD-RjUL)40461 |
| 040 ## - CATALOGING SOURCE | |
| Original cataloging agency | BD-RjUL |
| Language of cataloging | ben |
| Transcribing agency | BD-RjUL |
| 041 ## - LANGUAGE CODE | |
| Language code of text/sound track or separate title | ben |
| 082 ## - DEWEY DECIMAL CLASSIFICATION NUMBER | |
| Edition number | 23 |
| Classification number | 891.4408 |
| Author mark and year | RAG 1978 |
| 100 ## - MAIN ENTRY--PERSONAL NAME | |
| Personal name | রহমান, গোলাম |
| 9 (RLIN) | 124296 |
| 245 10 - TITLE STATEMENT | |
| Title | গোলাম রহমান রচনাবলী / |
| Statement of responsibility, etc. | গোলাম রহমান ; সম্পাদনা আতোয়ার রহমান |
| 260 ## - PUBLICATION, DISTRIBUTION, ETC. (IMPRINT) | |
| Place of publication, distribution, etc. | ঢাকা : |
| Name of publisher, distributor, etc. | বাংলা একাডেমী, |
| Date of publication, distribution, etc. | ১৯৭৮ |
| 300 ## - PHYSICAL DESCRIPTION | |
| Pagination | খণ্ড ; |
| Size | ২১ সেমি. |
| 505 0# - FORMATTED CONTENTS NOTE | |
| Formatted contents note | খণ্ড ২, প্রথম ভাগ -- খণ্ড ১, প্রথম ভাগ -- খণ্ড ১ দ্বীতিয় ভাগ -- খণ্ড ২ দ্বীতিয় ভাগ --- |
| 650 ## - SUBJECT ADDED ENTRY--TOPICAL TERM | |
| Topical term or geographic name as entry element | Bengali Literature |
| 9 (RLIN) | 124297 |
| Topical term or geographic name as entry element | বাংলা সাহিত্য |
| 9 (RLIN) | 124298 |
| 700 ## - ADDED ENTRY--PERSONAL NAME | |
| Personal name | রহমান, আতোয়ার, সম্পাদনা |
| 942 ## - ADDED ENTRY ELEMENTS (KOHA) | |
| Source of classification or shelving scheme | Dewey Decimal Classification |
| Koha item type | Books |
| Lost status | Source of classification or shelving scheme | Damaged status | Not for loan | Collection code | Permanent Location | Current Location | Shelving location | Date acquired | Source of acquisition | Cost, normal purchase price | Total Checkouts | Full call number | Date last seen | Copy number | Koha item type |
|---|---|---|---|---|---|---|---|---|---|---|---|---|---|---|---|
| Dewey Decimal Classification | Non-fiction | Central Library, University of Rajshahi | Central Library, University of Rajshahi | 26/12/1984 | Bangla Academy | 38.00 | B 891.4408 RAG V-2 1978 | 28/04/2016 | C-2 | Books | |||||
| Dewey Decimal Classification | Non-fiction | Central Library, University of Rajshahi | Central Library, University of Rajshahi | 30/04/1979 | Niyamot Book , Rajshahi | 40.00 | B 891.4408 RAG V-1 1978 | 16/07/2016 | C-2 | Books | |||||
| Dewey Decimal Classification | Non-fiction | Central Library, University of Rajshahi | Central Library, University of Rajshahi | 30/04/1979 | Niyamot Book , Rajshahi | 40.00 | B 891.4408 RAG V-2 1980 | 14/08/2016 | C-3 | Books | |||||
| Dewey Decimal Classification | Non-fiction | Central Library, University of Rajshahi | Central Library, University of Rajshahi | 30/04/1979 | Niyamot Book , Rajshahi | 40.00 | B 891.4408 RAG V-2 1978 | 14/08/2016 | C-4 | Books | |||||
| Dewey Decimal Classification | Non-fiction | Central Library, University of Rajshahi | Central Library, University of Rajshahi | 30/04/1979 | Niyamot Book , Rajshahi | 40.00 | B 891.4408 RAG V-1 1978 | 14/08/2016 | C-3 | Books | |||||
| Dewey Decimal Classification | Non-fiction | Central Library, University of Rajshahi | Central Library, University of Rajshahi | 30/04/1979 | Niyamot Book , Rajshahi | 40.00 | B 891.4408 RAG V-1 1978 | 14/08/2016 | C-4 | Books | |||||
| Dewey Decimal Classification | Non-fiction | Central Library, University of Rajshahi | Central Library, University of Rajshahi | 30/04/1979 | Niyamat Book, Rajshahi | 40.00 | B 891.4408 RAG V-1 1978 | 20/08/2016 | C-5 | Books |